Statistics for 100 Biggest Cities of the World in 1789 with a Map

Click here to take the quiz!

General Stats

  • This quiz has been taken 1,810 times
  • The average score is 56 of 100

Answers on the Map

Answers color-coded by a green-red scale on the quiz's map according to % correct below.
 

Answer Stats

PopulationCityCountry% Correct
875kLondonGreat Britain
98%
625kParisFrance
97%
580kConstantinopleOttoman Empire
96%
179kDublinGreat Britain
96%
166kMadridSpain
96%
243kMoscowRussia
96%
271kCairoOttoman Empire
95%
194kLisbonPortugal
95%
154kRomePapal States
95%
212kAmsterdamNetherlands
94%
1,05mBeijingChina
94%
155kBerlinPrussia
94%
495kEdoJapan
94%
112kMexico CitySpain
94%
218kSaint PetersburgRussia
94%
84kBarcelonaSpain
93%
405kNaplesNaples
93%
115kTunisOttoman Empire
91%
227kViennaHabsburg Monarchy
91%
118kDelhiMughal Empire
90%
132kMilanHabsburg Monarchy
90%
120kWarsawPoland-Lithuania
90%
75kStockholmSweden
89%
141kVeniceVenice
89%
118kHamburgHamburg
88%
95kCopenhagenDenmark-Norway
87%
140kBombayMaratha Empire
86%
188kHanseongJoseon
86%
135kLyonFrance
86%
100kMarseilleFrance
86%
88kShanghaiChina
86%
73kAlgiersOttoman Empire
85%
125kBataviaNetherlands
85%
72kPragueHabsburg Monarchy
84%
378kOsakaJapan
83%
79kFlorenceTuscany
82%
80kSevilleSpain
81%
74kValenciaSpain
81%
104kBordeauxFrance
80%
135kPalermoSicily
80%
78kTurinPiedmont-Sardinia
79%
710kGuangzhouChina
78%
172kCalcuttaGreat Britain
77%
88kGenoaGenoa
77%
373kKyotoJapan
76%
80kDamascusOttoman Empire
74%
126kSmyrnaOttoman Empire
70%
182kWuchangChina
70%
135kDaccaGreat Britain
69%
216kXi'anChina
67%
102kMadrasGreat Britain
66%
206kHyderabadHyderabad
63%
72kNantesFrance
62%
234kNanjingChina
58%
134kTianjinChina
58%
97kNagoyaJapan
55%
94kAhmedabadMaratha Empire
52%
107kChengduChina
52%
80kAmoyChina
49%
81kChongqingChina
47%
100kAdrianopleOttoman Empire
44%
122kKasbe PuneMaratha Empire
44%
78kJaipurAmber
41%
457kHangzhouChina
40%
72kRouenFrance
39%
193kLucknowOudh
38%
137kSuratMaratha Empire
34%
179kMukdenChina
33%
143kFuzhouChina
32%
80kNagpurMaratha Empire
24%
238kPatnaGreat Britain
24%
85kChangshaChina
23%
367kSuzhouChina
23%
147kVaranasiOudh
21%
184kNingboChina
20%
90kJogjakartaNetherlands
19%
71kPhú XuânĐại Việt
19%
80kAmritsarBhangi
17%
110kMeknesMorocco
17%
101kJodhpurMarwar
16%
145kLanzhouChina
15%
80kPeshawarDurrani Empire
14%
118kSrinagarKashmir
14%
163kFoshanChina
12%
100kNanchangChina
11%
80kBarodaMaratha Empire
9%
100kSoerakartaNetherlands
9%
79kKaifengChina
8%
81kAurangabadHyderabad
6%
92kKanazawaJapan
6%
78kYinchuanChina
6%
84kOyoOyo
5%
102kZhenjiangChina
5%
133kJingdezhenChina
4%
80kTrichinopolyCarnatic Sultanate
4%
200kAmarapuraBurma
3%
188kMurshidabadGreat Britain
3%
100kUjjainMaratha Empire
3%
75kWanzhouChina
3%
75kBharatpurBharatpur
2%

Score Distribution

Percentile by Number Answered

Percent of People with Each Score

Your Score History

You have not taken this quiz